LDR 00694naa#a2200157#i#450# 001 EN\\bibl\19440 005 20260516133014.6 100 ## _a20260515b2026####ek#y0engy0150####ca 102 ## _aRU 200 1# _aPRACTICAL IMPLEMENTATION OF THE METHOD FOR ASSESSING THE DENSITY OF UNWANTED GROWTH DURING OVERGROWTH OF INFRASTRUCTURE FACILITIES _eConference article/thesis 210 1# _aVoronezh _cFSBE Institution of Higher Education Voronezh State University of Forestry and Technologies named after G.F. Morozov _d2026 215 ## _a7 с. 608 ## _aConference article/thesis _2local 675 ## _aУсловия существования растений. 630.181 _z 700 #1 _aPlatonov _gA. A. 856 4# _abibl.vgltu.ru _u